[Event "Montpellier II-Ramonville"]
[Site "Saint Affrique"]
[Date "2007.11.25"]
[Round "3.5"]
[White "Dussol, Pierre"]
[Black "Constantin, David"]
[Result "1/2-1/2"]
[WhiteElo "2225"]
[BlackElo "2082"]
[PlyCount "106"]
[EventDate "2007.11.25"]
[WhiteTeam "Montpellier II"]
[BlackTeam "Ramonville"]

1. e4 c5 2. Nf3 d6 3. Nc3 a6 4. d4 cxd4 5. Nxd4 Nf6 6. Be3 Ng4 7. Bc1 Nf6 8. f3
e5 9. Nb3 Be6 10. Be3 Be7 11. Qd2 h5 12. O-O-O Nbd7 13. g3 Qc7 14. h3 Rc8 15.
Rh2 Nb6 16. g4 h4 17. f4 Nc4 18. Bxc4 Bxc4 19. fxe5 dxe5 20. g5 Rd8 21. Qe1
Rxd1+ 22. Qxd1 Nh5 23. Qg4 Nf4 24. Bxf4 exf4 25. Nd4 O-O 26. Nf5 Bb4 27. Nh6+
Kh8 28. Rg2 Bxc3 29. bxc3 Rd8 30. Qxh4 gxh6 31. g6 fxg6 32. Qf6+ Qg7 33. Qxd8+
Kh7 34. Qd4 f3 35. Qxg7+ Kxg7 36. Rf2 Be2 37. Kd2 Kf6 38. c4 Ke5 39. Ke3 g5 40.
c3 h5 41. Rh2 Bxc4 42. Rd2 g4 43. hxg4 hxg4 44. a3 b5 45. Rh2 Bf7 46. Rh7 Bg6
47. Re7+ Kf6 48. Ra7 Ke5 49. Rxa6 Bxe4 50. Rb6 g3 51. Rxb5+ Kd6 52. Rb2 f2 53.
Rd2+ Kc5 1/2-1/2

[Event "Montpellier II-Ramonville"]
[Site "Saint Affrique"]
[Date "2007.11.25"]
[Round "3.6"]
[White "Bolon, Karelle"]
[Black "Gelis, Dorian"]
[Result "1-0"]
[WhiteElo "2103"]
[BlackElo "2141"]
[PlyCount "73"]
[EventDate "2007.11.25"]
[WhiteTeam "Ramonville"]
[BlackTeam "Montpellier II"]

1. d4 c5 2. c3 e6 3. Nf3 Nf6 4. a3 b6 5. Bf4 Bb7 6. Nbd2 Be7 7. e3 Nh5 8. Bg3
Nxg3 9. hxg3 d5 10. Bd3 Bf6 11. Qe2 Nc6 12. b4 cxd4 13. cxd4 g6 14. Rc1 Rc8 15.
Rc2 Bg7 16. O-O O-O 17. Rfc1 Qd6 18. Ba6 Bxa6 19. Qxa6 Rc7 20. Ne5 Nb8 21. Qa4
Rxc2 22. Rxc2 a6 23. Nef3 f5 24. Rc1 Bf6 25. Qc2 e5 26. dxe5 Bxe5 27. Nxe5 Qxe5
28. Nf3 Qf6 29. Qc7 Qd8 30. Qc3 Nd7 31. Qd3 Qa8 32. Rc7 Nf6 33. Qc3 a5 34. Ng5
axb4 35. axb4 Qa2 36. f3 Qb1+ 37. Kh2 1-0

[Event "Montpellier II-Ramonville"]
[Site "Saint Affrique"]
[Date "2007.11.25"]
[Round "3.7"]
[White "Flear, Christine"]
[Black "Iwanesko, Alexandre"]
[Result "1-0"]
[WhiteElo "2149"]
[BlackElo "2012"]
[PlyCount "91"]
[EventDate "2007.11.25"]
[WhiteTeam "Montpellier II"]
[BlackTeam "Ramonville"]

1. d4 Nf6 2. c4 g6 3. Nc3 Bg7 4. e4 d6 5. Be2 O-O 6. Bg5 Na6 7. Qd2 e5 8. d5
Qe8 9. f3 Nh5 10. Bh6 f5 11. exf5 gxf5 12. Bxg7 Kxg7 13. Nh3 Kh8 14. f4 Nf6 15.
fxe5 dxe5 16. Qh6 Bd7 17. Ng5 Qg6 18. Qxg6 hxg6 19. O-O-O Rae8 20. Rde1 e4 21.
Nh3 Kg7 22. Nf4 g5 23. Nh5+ Nxh5 24. Bxh5 Re7 25. Bd1 Nb4 26. Be2 a5 27. a3 Na6
28. Bd1 Nc5 29. Bc2 a4 30. h4 Rh8 31. hxg5 Rxh1 32. Rxh1 Kg6 33. Kd2 Kxg5 34.
Ke3 f4+ 35. Kd4 b6 36. Nxe4+ Nxe4 37. Bxe4 Bf5 38. Bf3 Bg4 39. Rh8 Bf5 40. Ra8
Re3 41. c5 Rb3 42. cxb6 Rxb6 43. Rxa4 Rxb2 44. Rc4 Rd2+ 45. Ke5 Bg4 46. Bxg4
1-0

[Event "Montpellier II-Ramonville"]
[Site "Saint Affrique"]
[Date "2007.11.25"]
[Round "3.8"]
[White "Galby, Vassili"]
[Black "Buscara, Sevan"]
[Result "1-0"]
[WhiteElo "2058"]
[BlackElo "2111"]
[PlyCount "99"]
[EventDate "2007.11.25"]
[WhiteTeam "Ramonville"]
[BlackTeam "Montpellier II"]

1. Nf3 d5 2. d4 Nf6 3. c4 c6 4. Nc3 a6 5. cxd5 cxd5 6. Bf4 Nc6 7. e3 e6 8. Bd3
Be7 9. h3 O-O 10. O-O b5 11. Ne5 Nxe5 12. Bxe5 Bb7 13. a4 b4 14. Nb1 Nd7 15.
Bg3 Rc8 16. Nd2 Nb6 17. Qe2 a5 18. Rfd1 Qd7 19. Bb5 Bc6 20. Ba6 Ra8 21. b3 Qa7
22. Rdc1 Bd7 23. Bd3 Rfc8 24. Nf3 Be8 25. Qd2 Qb7 26. Kf1 f6 27. Rxc8 Rxc8 28.
Rc1 Bg6 29. Rxc8+ Qxc8 30. Bxg6 hxg6 31. Ke2 Kf7 32. Kd1 Qa6 33. Ne1 Qc8 34.
Qc2 Ke8 35. Qxg6+ Kd7 36. Qc2 Qxc2+ 37. Kxc2 Kc6 38. Nd3 Nd7 39. f3 Bd6 40.
Bxd6 Kxd6 41. h4 e5 42. g4 e4 43. fxe4 dxe4 44. Nf4 g5 45. hxg5 fxg5 46. Nh3
Nf6 47. Nxg5 Nxg4 48. Nxe4+ Kc6 49. Kd3 Kd5 50. Nc5 1-0

[Event "Tournefeuille-Monaco"]
[Site "Saint Affrique"]
[Date "2007.11.25"]
[Round "3.1"]
[White "Sanchez, Nicolas"]
[Black "Van Hoolandt, Patrick"]
[Result "0-1"]
[WhiteElo "2201"]
[BlackElo "2245"]
[PlyCount "92"]
[EventDate "2007.11.25"]
[WhiteTeam "Tournefeuille"]
[BlackTeam "Monaco"]

1. d4 Nf6 2. c4 e6 3. Nf3 Bb4+ 4. Nbd2 b6 5. g3 Bb7 6. Bg2 O-O 7. O-O d5 8. Qc2
Nbd7 9. a3 Bd6 10. b4 c5 11. bxc5 bxc5 12. Bb2 Rc8 13. Rfc1 dxc4 14. Nxc4 cxd4
15. Qd1 Be7 16. Nxd4 Bxg2 17. Kxg2 Nc5 18. f3 Qd7 19. e4 Na4 20. Ne5 Qb7 21.
Nec6 Bc5 22. Qxa4 Qxb2+ 23. Kh3 e5 24. Nf5 Kh8 25. Qa6 Bb6 26. Rab1 Qd2 27. Rd1
Qf2 28. Rf1 Qa2 29. Nxe5 Rc2 30. Rh1 g6 31. Ne3 Qe6+ 32. N5g4 Rc6 33. Rhc1 Rcc8
34. Rc6 Rxc6 35. Kg2 Bxe3 36. Rb8 Ne8 37. Qd3 Bb6 38. e5 Rc8 39. Rb7 Qa2+ 40.
Kh3 Rd8 41. Qe4 h5 42. Nh6 Qe6+ 43. g4 Rd7 44. Rb8 Bc7 45. Ra8 Kh7 46. Nf5 gxf5
0-1

[Event "Tournefeuille-Monaco"]
[Site "Saint Affrique"]
[Date "2007.11.25"]
[Round "3.2"]
[White "Rouchouse, Stevens"]
[Black "Lacroix, Romain"]
[Result "1-0"]
[WhiteElo "2203"]
[BlackElo "2170"]
[PlyCount "67"]
[EventDate "2007.11.25"]
[WhiteTeam "Monaco"]
[BlackTeam "Tournefeuille"]

1. e4 e5 2. d4 exd4 3. Nf3 d6 4. Nxd4 Nf6 5. Nc3 Be7 6. Bd3 O-O 7. O-O c5 8.
Nde2 Be6 9. Nf4 Nc6 10. Nfd5 Bxd5 11. exd5 Ne5 12. Bf5 g6 13. f4 Ned7 14. Bd3
Ne8 15. f5 Bg5 16. Ne4 Bxc1 17. Qxc1 Ndf6 18. Qh6 Nxe4 19. Bxe4 Nf6 20. Rae1
Ng4 21. Qf4 Ne5 22. f6 Nd7 23. Qxd6 c4 24. Kh1 Re8 25. Qf4 a5 26. g4 Ra6 27. g5
h6 28. Bxg6 Rxe1 29. Rxe1 fxg6 30. f7+ Kh7 31. Re8 Qxg5 32. f8=Q Qxd5+ 33. Qf3
Nxf8 34. Qxd5 1-0

[Event "Tournefeuille-Monaco"]
[Site "Saint Affrique"]
[Date "2007.11.25"]
[Round "3.3"]
[White "Garrel, Alain"]
[Black "Roussiere, Christophe"]
[Result "1-0"]
[WhiteElo "2157"]
[BlackElo "2108"]
[PlyCount "105"]
[EventDate "2007.11.25"]
[WhiteTeam "Tournefeuille"]
[BlackTeam "Monaco"]

1. d4 Nf6 2. Nf3 e6 3. Bg5 Be7 4. e3 b6 5. c3 Bb7 6. Nbd2 d6 7. Bd3 Nbd7 8. O-O
O-O 9. e4 e5 10. Re1 h6 11. Bxf6 Bxf6 12. Qe2 a5 13. Nc4 g6 14. Ne3 Bg7 15. Qc2
c6 16. a4 Qc7 17. Rad1 Rab8 18. Bf1 Nf6 19. dxe5 dxe5 20. Nc4 Nh5 21. Nd6 Ba8
22. Rd2 c5 23. Red1 Bc6 24. Bb5 Nf4 25. Bxc6 Qxc6 26. Nc4 Qe6 27. Ne3 b5 28. g3
Nh5 29. axb5 Rxb5 30. Nd5 Qg4 31. Kg2 Rfb8 32. h3 Qe6 33. Nc7 Qa2 34. Rd8+ Kh7
35. Nxb5 Rxb5 36. R1d2 Qa1 37. c4 Rb6 38. Rc8 a4 39. Rxc5 a3 40. bxa3 Qxa3 41.
Rb5 Rf6 42. Rd3 Qa8 43. Rc3 Ra6 44. Qd3 Ra1 45. Rb1 Ra2 46. Qd5 Qc8 47. c5 Qa6
48. Qc4 Qa7 49. Rc2 Ra4 50. Rb4 Ra3 51. c6 Qc7 52. Rb7 Qc8 53. Qxf7 1-0

[Event "Tournefeuille-Monaco"]
[Site "Saint Affrique"]
[Date "2007.11.25"]
[Round "3.4"]
[White "Gentilleau, Jean Philippe"]
[Black "Laurain, Dominique"]
[Result "1/2-1/2"]
[WhiteElo "2181"]
[BlackElo "2027"]
[PlyCount "41"]
[EventDate "2007.11.25"]
[WhiteTeam "Monaco"]
[BlackTeam "Tournefeuille"]

1. b3 Nf6 2. Bb2 d5 3. e3 e6 4. f4 c5 5. Nf3 Bd7 6. Be2 Nc6 7. O-O a6 8. Ne5 b5
9. d4 Qb6 10. Kh1 Rd8 11. Nd2 c4 12. Ndf3 Ne4 13. Nxc6 Bxc6 14. c3 b4 15. Rc1
bxc3 16. Bxc3 Ba3 17. Rc2 cxb3 18. axb3 Bb5 19. Be1 O-O 20. Ra2 Bxe2 21. Rxe2
1/2-1/2

[Event "Tournefeuille-Monaco"]
[Site "Saint Affrique"]
[Date "2007.11.25"]
[Round "3.5"]
[White "Faure, Nicolas"]
[Black "Lebel, Patrick"]
[Result "1/2-1/2"]
[WhiteElo "2054"]
[BlackElo "2184"]
[PlyCount "38"]
[EventDate "2007.11.25"]
[WhiteTeam "Tournefeuille"]
[BlackTeam "Monaco"]

1. e4 Nc6 2. d4 d5 3. Nc3 e6 4. e5 f6 5. exf6 Nxf6 6. Nf3 Bd6 7. Bd3 O-O 8. O-O
e5 9. dxe5 Nxe5 10. Nxe5 Bxe5 11. h3 c6 12. Ne2 Qc7 13. c3 Bd7 14. Be3 Rae8 15.
Qb3 c5 16. Qd1 Kh8 17. Rc1 Bd6 18. Bc2 Be6 19. Bb1 Ne4 1/2-1/2

[Event "Tournefeuille-Monaco"]
[Site "Saint Affrique"]
[Date "2007.11.25"]
[Round "3.6"]
[White "Mapelle, Jacques"]
[Black "Garrel, Pascal"]
[Result "1-0"]
[WhiteElo "2005"]
[BlackElo "1772"]
[PlyCount "123"]
[EventDate "2007.11.25"]
[WhiteTeam "Monaco"]
[BlackTeam "Tournefeuille"]

1. d4 d6 2. c4 Nf6 3. Nc3 g6 4. Nf3 Bg7 5. e3 O-O 6. Bd3 Re8 7. O-O e5 8. dxe5
dxe5 9. e4 c6 10. h3 Nh5 11. Ne2 Qc7 12. c5 Nf4 13. Bc4 Be6 14. Qc2 Nd7 15. Be3
Nf6 16. Ng3 Rad8 17. Rad1 Bxc4 18. Qxc4 N6h5 19. Nxh5 Nxh5 20. g3 Rxd1 21. Rxd1
Rd8 22. Qb3 Rd7 23. Ng5 h6 24. Nf3 Qd8 25. Rd6 Rxd6 26. cxd6 Qxd6 27. Qxb7 Nf6
28. Nd2 a5 29. Kg2 Kh7 30. Qxf7 Qb4 31. Qb3 Qxb3 32. axb3 Bf8 33. f3 Bb4 34.
Nc4 Nd7 35. f4 exf4 36. gxf4 Kg7 37. e5 Kf7 38. Kf3 Ke6 39. Ke4 Nb8 40. Nb6 Na6
41. Na4 Be7 42. Bd2 Bb4 43. Bc3 h5 44. Bd4 Be7 45. Nb6 Nc5+ 46. Bxc5 Bxc5 47.
Nc4 Bb4 48. Ne3 Be1 49. f5+ gxf5+ 50. Nxf5 h4 51. Nd4+ Kd7 52. Kf5 c5 53. e6+
Ke8 54. Nf3 Bf2 55. Ne5 Be1 56. Kf6 Bf2 57. Nc4 Bd4+ 58. Kf5 Ke7 59. Nxa5 Bxb2
60. Nc6+ Ke8 61. Ne5 Bc3 62. Nf3 1-0

[Event "Tournefeuille-Monaco"]
[Site "Saint Affrique"]
[Date "2007.11.25"]
[Round "3.7"]
[White "Tarayre, Pascal"]
[Black "Birens, Eric Andre"]
[Result "1-0"]
[WhiteElo "1809"]
[BlackElo "2040"]
[PlyCount "43"]
[EventDate "2007.11.25"]
[WhiteTeam "Tournefeuille"]
[BlackTeam "Monaco"]

1. e4 c5 2. d4 cxd4 3. c3 dxc3 4. Nxc3 Nc6 5. Nf3 e6 6. Bc4 Qc7 7. O-O Nf6 8.
Qe2 Ng4 9. g3 h5 10. Bf4 d6 11. Rfd1 Nce5 12. Bb3 Nxf3+ 13. Qxf3 Ne5 14. Bxe5
dxe5 15. Rac1 Be7 16. Nd5 Qxc1 17. Rxc1 exd5 18. Bxd5 Be6 19. Bxe6 fxe6 20. Rc7
Rh6 21. Qc3 Kd8 22. Rxb7 1-0

[Event "Tournefeuille-Monaco"]
[Site "Saint Affrique"]
[Date "2007.11.25"]
[Round "3.8"]
[White "Lebel Arias, Julia"]
[Black "Cwiek, Perrine"]
[Result "1-0"]
[WhiteElo "1948"]
[BlackElo "1766"]
[PlyCount "61"]
[EventDate "2007.11.25"]
[WhiteTeam "Monaco"]
[BlackTeam "Tournefeuille"]

1. b3 d5 2. Bb2 Nf6 3. e3 c6 4. f4 Nbd7 5. Nf3 e6 6. Be2 Bd6 7. O-O O-O 8. c4
Re8 9. Ne5 Bc7 10. Qc2 Qe7 11. d4 c5 12. Nd2 b6 13. Bf3 Bb7 14. Rad1 Rad8 15.
Rfe1 Nb8 16. dxc5 bxc5 17. cxd5 exd5 18. Kh1 Nc6 19. Nxc6 Bxc6 20. Nc4 Bxf4 21.
Bxf6 gxf6 22. Na5 Ba8 23. Qf5 Qe5 24. Qxf4 Qc3 25. Qc7 d4 26. Bxa8 Rxa8 27. Nc4
dxe3 28. Qg3+ Kf8 29. Rxe3 Qc2 30. Qd6+ Kg8 31. Rg3+ 1-0

[Event "Vitrolles-Echiquier Bordelais"]
[Site "Saint Affrique"]
[Date "2007.11.25"]
[Round "3.1"]
[White "Gaudineau, Eric"]
[Black "Lemeaux, David"]
[Result "1-0"]
[WhiteElo "2335"]
[BlackElo "2227"]
[PlyCount "65"]
[EventDate "2007.11.25"]
[WhiteTeam "Vitrolles"]
[BlackTeam "Echiquier Bordelais"]

1. e4 c6 2. d4 d5 3. e5 Bf5 4. Nf3 e6 5. Be2 Nd7 6. O-O c5 7. c4 Bxb1 8. Rxb1
Ne7 9. dxc5 dxc4 10. Bxc4 Nc6 11. b4 Ndxe5 12. Nxe5 Qxd1 13. Rxd1 Nxe5 14. Bb5+
Nc6 15. Be3 a6 16. Be2 Be7 17. Bf3 Bf6 18. b5 axb5 19. Rxb5 O-O 20. Rxb7 Rac8
21. a4 Na5 22. Rb5 Nc4 23. Bb7 Rcd8 24. Rc1 Rd3 25. Be4 Rdd8 26. a5 Bc3 27. a6
Nxe3 28. fxe3 Bd2 29. Rcb1 Bxe3+ 30. Kf1 Rc8 31. a7 Bf4 32. g3 Be5 33. Ra5 1-0

[Event "Vitrolles-Echiquier Bordelais"]
[Site "Saint Affrique"]
[Date "2007.11.25"]
[Round "3.2"]
[White "Passager, Jean Pierre"]
[Black "Midoux, Sebastien"]
[Result "0-1"]
[WhiteElo "2217"]
[BlackElo "2349"]
[PlyCount "118"]
[EventDate "2007.11.25"]
[WhiteTeam "Echiquier Bordelais"]
[BlackTeam "Vitrolles"]

1. d4 Nf6 2. c4 c5 3. d5 b5 4. cxb5 a6 5. b6 e6 6. Nc3 exd5 7. Nxd5 Nxd5 8.
Qxd5 Nc6 9. Bd2 Rb8 10. Nf3 Be7 11. Bc3 O-O 12. e4 Rxb6 13. Bc4 Nb4 14. Qd2 Bb7
15. a3 d5 16. exd5 Nxd5 17. Be5 Qa8 18. O-O Nf6 19. Bc7 Rc6 20. Qa5 Qc8 21. Bg3
Bd8 22. Qc3 Ne4 23. Qe5 Nxg3 24. fxg3 Bf6 25. Qh5 g6 26. Qh6 Rb6 27. Rab1 Bg7
28. Qh4 Qd8 29. b3 h6 30. Rbd1 Rd6 31. Qxd8 Rfxd8 32. Rxd6 Rxd6 33. Nh4 Bd5 34.
Rd1 Bd4+ 35. Kh1 Bxc4 36. bxc4 Rb6 37. Nf3 Bf6 38. Kg1 Kg7 39. Rd3 a5 40. Nd2
a4 41. Kf1 Rb2 42. Rd5 Rc2 43. Ne4 Rxc4 44. Nxf6 Kxf6 45. Ke2 Rc3 46. Kd2 Rxa3
47. Rxc5 Ra2+ 48. Ke3 Rxg2 49. Ra5 Ra2 50. h4 h5 51. Kf4 Ra1 52. Ra6+ Ke7 53.
Kg5 a3 54. Kh6 a2 55. Kg7 Kd7 56. Kh6 Rg1 57. Rxa2 Rxg3 58. Rf2 f5 59. Kg7 Ke6
0-1

[Event "Vitrolles-Echiquier Bordelais"]
[Site "Saint Affrique"]
[Date "2007.11.25"]
[Round "3.3"]
[White "Abello, Sebastien"]
[Black "Faber, Michel"]
[Result "1-0"]
[WhiteElo "2273"]
[BlackElo "2240"]
[PlyCount "51"]
[EventDate "2007.11.25"]
[WhiteTeam "Vitrolles"]
[BlackTeam "Echiquier Bordelais"]

1. d4 Nf6 2. c4 e6 3. Nc3 c5 4. d5 exd5 5. cxd5 d6 6. e4 g6 7. f3 Bg7 8. Nge2
O-O 9. Ng3 Na6 10. Be2 Nc7 11. O-O h5 12. Bg5 Qd7 13. Qd2 Nh7 14. Bh6 h4 15.
Bxg7 Kxg7 16. Nh1 b5 17. a4 b4 18. Nd1 Qe7 19. Ne3 Ne8 20. Rae1 Nef6 21. Nc4 g5
22. Bd3 Nh5 23. e5 dxe5 24. Rxe5 Qf6 25. Nf2 Nf4 26. Bxh7 1-0

[Event "Vitrolles-Echiquier Bordelais"]
[Site "Saint Affrique"]
[Date "2007.11.25"]
[Round "3.4"]
[White "Daumens, Michel"]
[Black "Cherki, Thomas"]
[Result "1/2-1/2"]
[WhiteElo "2205"]
[BlackElo "2208"]
[PlyCount "62"]
[EventDate "2007.11.25"]
[WhiteTeam "Echiquier Bordelais"]
[BlackTeam "Vitrolles"]

1. e4 Nf6 2. e5 Nd5 3. Nc3 Nxc3 4. dxc3 d5 5. Bf4 c5 6. c4 e6 7. Nf3 a6 8. Qd2
dxc4 9. Qxd8+ Kxd8 10. O-O-O+ Kc7 11. Bxc4 b5 12. Bd3 Bb7 13. Rhe1 h6 14. Be4
Bxe4 15. Rxe4 Nc6 16. Re2 Be7 17. c4 Rhd8 18. Rxd8 Rxd8 19. b3 bxc4 20. bxc4
Nd4 21. Rd2 Nxf3 22. Rxd8 Bxd8 23. gxf3 Bg5 24. Be3 Bxe3+ 25. fxe3 f5 26. exf6
gxf6 27. Kc2 Kd6 28. Kd3 Ke5 29. Ke2 Kf5 30. Kf2 Kg5 31. Kg3 e5 1/2-1/2

[Event "Vitrolles-Echiquier Bordelais"]
[Site "Saint Affrique"]
[Date "2007.11.25"]
[Round "3.5"]
[White "Diaz, Mickael"]
[Black "Quillien, Emmanuel"]
[Result "1-0"]
[WhiteElo "2228"]
[BlackElo "2154"]
[PlyCount "57"]
[EventDate "2007.11.25"]
[WhiteTeam "Vitrolles"]
[BlackTeam "Echiquier Bordelais"]

1. d4 d5 2. c4 c6 3. Nf3 Nf6 4. g3 g6 5. Bg2 Bg7 6. O-O O-O 7. Qb3 Ne4 8. Nc3
Nxc3 9. bxc3 Qb6 10. Bf4 Qxb3 11. axb3 dxc4 12. bxc4 Nd7 13. c5 Re8 14. Bc7 e5
15. e3 exd4 16. cxd4 Nf6 17. Nd2 Bf5 18. Nc4 Bd3 19. Rfc1 Rec8 20. Bf4 Bf8 21.
Na5 Nh5 22. Nxb7 Nxf4 23. gxf4 Rab8 24. Rxa7 Rc7 25. Ra3 Bf5 26. Nd6 Bd7 27.
Nc4 f6 28. Ra6 Kf7 29. Na5 1-0

[Event "Vitrolles-Echiquier Bordelais"]
[Site "Saint Affrique"]
[Date "2007.11.25"]
[Round "3.6"]
[White "Lagunes, Jean Renaud"]
[Black "Diaz, Franck"]
[Result "1/2-1/2"]
[WhiteElo "2078"]
[BlackElo "2176"]
[PlyCount "68"]
[EventDate "2007.11.25"]
[WhiteTeam "Echiquier Bordelais"]
[BlackTeam "Vitrolles"]

1. e4 e5 2. Nf3 Nc6 3. Bb5 a6 4. Ba4 Nf6 5. Qe2 b5 6. Bb3 Bc5 7. a4 Rb8 8. axb5
axb5 9. d3 d6 10. Be3 Bg4 11. h3 Bxf3 12. Qxf3 Nd4 13. Bxd4 Bxd4 14. c3 Bc5 15.
Nd2 O-O 16. O-O Nd7 17. Ra6 Qg5 18. Rd1 Bb6 19. Bd5 Nc5 20. Ra2 Ne6 21. Nf1 g6
22. Rda1 Kg7 23. g3 Nc5 24. Ra8 Rxa8 25. Rxa8 Qe7 26. Rxf8 Qxf8 27. g4 Qe7 28.
Bc6 Ne6 29. Bxb5 Nf4 30. Ne3 Qh4 31. Kh2 Nxh3 32. Qg3 Qxg3+ 33. Kxg3 Nf4 34.
Nd5 Nxd5 1/2-1/2

[Event "Vitrolles-Echiquier Bordelais"]
[Site "Saint Affrique"]
[Date "2007.11.25"]
[Round "3.7"]
[White "Gaudineau, Gilles"]
[Black "Galloux, Maxime"]
[Result "1/2-1/2"]
[WhiteElo "2051"]
[BlackElo "2063"]
[PlyCount "101"]
[EventDate "2007.11.25"]
[WhiteTeam "Vitrolles"]
[BlackTeam "Echiquier Bordelais"]

1. e4 c5 2. c4 Nc6 3. Ne2 g6 4. d4 cxd4 5. Nxd4 Nf6 6. Nc3 d6 7. Be2 Nxd4 8.
Qxd4 Bg7 9. Bg5 O-O 10. Qd2 Be6 11. Rc1 Qa5 12. O-O Rfc8 13. b3 a6 14. Rc2 b5
15. Nd5 Qxd2 16. Rxd2 Bxd5 17. Bxf6 Bxf6 18. Rxd5 b4 19. Bg4 Rc5 20. Rfd1 Be5
21. Bd7 Ra7 22. Ba4 Rac7 23. g3 g5 24. Rxc5 Rxc5 25. Kf1 Kf8 26. Ke2 Bc3 27.
Rd5 Rxd5 28. cxd5 Kg7 29. Kd3 Be1 30. f3 Kf6 31. Be8 e6 32. Kc4 Ke7 33. Bc6
exd5+ 34. Bxd5 f6 35. Bb7 a5 36. Bc8 Kd8 37. Bf5 h5 38. Kd5 Kc7 39. Ke6 Bc3 40.
h4 Be5 41. f4 gxf4 42. gxf4 Bxf4 43. Kxf6 Kc6 44. Bg6 Bg3 45. Kg5 d5 46. Kxh5
dxe4 47. Bxe4+ Kc5 48. Kg5 Kd6 49. h5 Ke7 50. Kg6 Kf8 51. Bd5 1/2-1/2

[Event "Vitrolles-Echiquier Bordelais"]
[Site "Saint Affrique"]
[Date "2007.11.25"]
[Round "3.8"]
[White "Soissong, Elzbieta"]
[Black "Estevez, Dorothee"]
[Result "0-1"]
[WhiteElo "1540"]
[BlackElo "1870"]
[PlyCount "132"]
[EventDate "2007.11.25"]
[WhiteTeam "Echiquier Bordelais"]
[BlackTeam "Vitrolles"]

1. d4 Nf6 2. e3 e6 3. Bd3 Be7 4. f4 d5 5. Nd2 O-O 6. Ngf3 b6 7. O-O Bb7 8. Ne5
c5 9. c3 Nbd7 10. Qf3 Ne8 11. Qh3 Ndf6 12. g4 Nd6 13. Qg2 Nfe4 14. g5 Kh8 15.
Rf3 f6 16. gxf6 Rxf6 17. Rh3 Qe8 18. Ndf3 Nf7 19. Bd2 Rh6 20. Nxf7+ Qxf7 21.
Ne5 Qf5 22. Bxe4 dxe4 23. Rg3 g6 24. Rf1 Rf8 25. Kh1 Bd6 26. Rg5 Qh3 27. Qxh3
Rxh3 28. Rfg1 Bxe5 29. Rxe5 Bd5 30. b3 cxd4 31. Kg2 Rf3 32. c4 Bb7 33. exd4 Rd3
34. Bc1 Rf6 35. Kf2 Rxd4 36. Ke2 Rd3 37. Rf1 Rh3 38. Rd1 Rxh2+ 39. Ke3 Rh3+ 40.
Kf2 Rf3+ 41. Ke2 Kg8 42. Rd8+ Kg7 43. Bb2 Kh6 44. Rxe4 Bxe4 45. Bxf6 Rxf4 46.
Rf8 g5 47. Ke3 Kg6 48. Be7 Rxf8 49. Bxf8 Bb1 50. a3 Ba2 51. b4 Bxc4 52. Kd4 b5
53. Bc5 a6 54. Ke5 h5 55. Kd6 h4 56. Kc6 h3 57. Bg1 Kf5 58. Kb6 Kf4 59. Kxa6
Kf3 60. Bh2 Kg2 61. Bd6 h2 62. Bxh2 Kxh2 63. Kb6 g4 64. Kc5 Bf1 65. a4 bxa4 66.
b5 Bxb5 0-1

[Event "Saint Affrique-Bordeaux ASPOM"]
[Site "Bordeaux"]
[Date "2007.12.16"]
[Round "4.1"]
[White "Georgiev, Krum"]
[Black "Favarel, Julien"]
[Result "1/2-1/2"]
[WhiteElo "2488"]
[BlackElo "2269"]
[PlyCount "33"]
[EventDate "2007.12.16"]
[WhiteTeam "Saint Affrique"]
[BlackTeam "Bordeaux A.S.P.O.M."]

1. e4 c5 2. Nf3 Nc6 3. Bb5 g6 4. c3 Nf6 5. e5 Nd5 6. d4 cxd4 7. Qb3 Nc7 8. Bc4
Ne6 9. cxd4 Na5 10. Qc3 Nxc4 11. Qxc4 Qc7 12. Qc3 Bg7 13. O-O Qxc3 14. Nxc3 b6
15. d5 Nc5 16. Rd1 Ba6 17. b4 1/2-1/2

[Event "Saint Affrique-Bordeaux ASPOM"]
[Site "Bordeaux"]
[Date "2007.12.16"]
[Round "4.2"]
[White "Cousigne, Frederic"]
[Black "Letreguilly, Olivier"]
[Result "0-1"]
[WhiteElo "2209"]
[BlackElo "2334"]
[PlyCount "72"]
[EventDate "2007.12.16"]
[WhiteTeam "Bordeaux A.S.P.O.M."]
[BlackTeam "Saint Affrique"]

1. d4 e6 2. c4 d5 3. Nf3 c5 4. cxd5 exd5 5. g3 Nc6 6. Bg2 Nf6 7. O-O Be7 8. Nc3
O-O 9. dxc5 d4 10. Na4 Bf5 11. a3 Be4 12. b4 Qd5 13. Nb2 b6 14. cxb6 axb6 15.
Bf4 Ra7 16. Nd3 Rfa8 17. Qd2 Rxa3 18. Rxa3 Rxa3 19. Rc1 h6 20. Qd1 Nxb4 21.
Nxb4 Bxb4 22. Qxd4 Bc5 23. Qxd5 Nxd5 24. Be5 Ra2 25. Bf1 Bxf3 26. Rxc5 bxc5 27.
exf3 Rd2 28. Bd6 Rc2 29. Bd3 Rc1+ 30. Kg2 c4 31. Be4 Rd1 32. Bc5 c3 33. f4 Rd2
34. Kf1 c2 35. Ba3 Nc3 36. Bf3 Rd1+ 0-1

[Event "Saint Affrique-Bordeaux ASPOM"]
[Site "Bordeaux"]
[Date "2007.12.16"]
[Round "4.3"]
[White "Laclau, Daniel"]
[Black "Jaureguiberry, Cedric"]
[Result "0-1"]
[WhiteElo "2261"]
[BlackElo "2149"]
[PlyCount "70"]
[EventDate "2007.12.16"]
[WhiteTeam "Saint Affrique"]
[BlackTeam "Bordeaux A.S.P.O.M."]

1. d4 Nf6 2. Nf3 g6 3. c4 Bg7 4. Nc3 O-O 5. e4 d6 6. Be2 e5 7. O-O Nc6 8. d5
Ne7 9. Ne1 Nd7 10. Nd3 f5 11. Bd2 Nf6 12. f3 f4 13. c5 g5 14. cxd6 cxd6 15. Nf2
Ng6 16. Qc2 Rf7 17. Rfc1 h5 18. h3 g4 19. hxg4 hxg4 20. fxg4 Bf8 21. Nb5 Ne8
22. a4 Nh4 23. Ra3 a6 24. Rc3 Bd7 25. Na3 Rg7 26. Rh3 Rc8 27. Qd1 Rxc1 28. Bxc1
Be7 29. Bd2 Ng6 30. Nc4 Bh4 31. Ba5 Bxf2+ 32. Kxf2 Qc8 33. Rc3 Qc5+ 34. Kf1 Rh7
35. Rh3 f3 0-1

[Event "Saint Affrique-Bordeaux ASPOM"]
[Site "Bordeaux"]
[Date "2007.12.16"]
[Round "4.4"]
[White "Bancel, Gerard"]
[Black "Boyd, Stephen"]
[Result "1-0"]
[WhiteElo "2124"]
[BlackElo "2333"]
[PlyCount "75"]
[EventDate "2007.12.16"]
[WhiteTeam "Bordeaux A.S.P.O.M."]
[BlackTeam "Saint Affrique"]

1. g3 g6 2. Bg2 Bg7 3. e4 d6 4. d4 Nf6 5. Ne2 O-O 6. O-O Nbd7 7. f4 c5 8. e5
Ne8 9. c3 Qb6 10. Kh1 Nc7 11. Nd2 f6 12. e6 Nb8 13. d5 f5 14. Nc4 Qb5 15. Ne3
Ne8 16. g4 fxg4 17. a4 Qa5 18. Nxg4 Na6 19. f5 gxf5 20. Nh6+ Kh8 21. Nxf5 Bf6
22. Nf4 Qd8 23. Qh5 Rg8 24. Nh6 Rg7 25. Ng6+ Rxg6 26. Nf7+ Kg8 27. Nxd8 Ng7 28.
Qe2 Nc7 29. c4 a5 30. Ra3 b6 31. Rg3 Ba6 32. Nf7 Rxg3 33. hxg3 Rf8 34. Qg4 Bc8
35. Ng5 Nce8 36. Be4 Bxg5 37. Rxf8+ Kxf8 38. Bxg5 1-0

[Event "Saint Affrique-Bordeaux ASPOM"]
[Site "Bordeaux"]
[Date "2007.12.16"]
[Round "4.5"]
[White "Leygue, Dominique"]
[Black "Favarel, Antoine"]
[Result "1-0"]
[WhiteElo "2321"]
[BlackElo "2064"]
[PlyCount "109"]
[EventDate "2007.12.16"]
[WhiteTeam "Saint Affrique"]
[BlackTeam "Bordeaux A.S.P.O.M."]

1. e4 c5 2. Nf3 Nc6 3. b3 e5 4. Bc4 Be7 5. c3 Nf6 6. Qe2 O-O 7. O-O d6 8. h3
Nh5 9. d4 cxd4 10. cxd4 exd4 11. g4 d3 12. Qxd3 Bf6 13. Nc3 Nb4 14. Qd2 Nf4 15.
Qxf4 Bxc3 16. Ba3 Be6 17. Bxb4 Bxb4 18. Bd5 Bxd5 19. exd5 Bc3 20. Rac1 Rc8 21.
Qe3 Re8 22. Qxa7 Qd7 23. Qa4 Qxa4 24. bxa4 Rc5 25. Rc2 Bb4 26. Rxc5 Bxc5 27.
Re1 Ra8 28. Re7 b6 29. Re4 Kf8 30. Nd4 g6 31. Nb5 Kg7 32. Kf1 Kf6 33. f4 Ra5
34. Ke2 g5 35. f5 h5 36. Kd3 hxg4 37. hxg4 Kg7 38. Kc3 Ra8 39. Nc7 Rc8 40. Ne8+
Kf8 41. Nf6 Be3+ 42. Kb3 Bd2 43. Re2 Ba5 44. Rc2 Rd8 45. Nh7+ Kg7 46. Nxg5 Re8
47. Rc7 Re3+ 48. Kc2 Kf6 49. Nxf7 Re2+ 50. Kd3 Rxa2 51. Nxd6 Rg2 52. Ne4+ Ke5
53. d6 Rg1 54. Re7+ Kf4 55. f6 1-0